AH International Schools' Libraries

Jessi Ramsey, pet-sitter / (Record no. 49811)

MARC details
000 -LEADER
fixed length control field 00568nam a2200169 4500
020 ## - INTERNATIONAL STANDARD BOOK NUMBER
International Standard Book Number 9781338835656
100 ## - MAIN ENTRY--PERSONAL NAME
Personal name Martin, Ann M.
245 ## - TITLE STATEMENT
Title Jessi Ramsey, pet-sitter /
Statement of responsibility, etc Ann M. Martin.
260 ## - PUBLICATION, DISTRIBUTION, ETC. (IMPRINT)
Place of publication, distribution, etc New York:
Name of publisher, distributor, etc Scholastic;
Date of publication, distribution, etc 2025.
300 ## - PHYSICAL DESCRIPTION
Extent 136 p.
Other physical details color ill.
Dimensions 20 cm.
490 ## - SERIES STATEMENT
Series statement The baby-sitters club; graphics Bk. 18
650 ## - SUBJECT ADDED ENTRY--TOPICAL TERM
Topical term or geographic name as entry element Baby sitters. Pet - sitters. Problem-solving. Animal care.
Form subdivision Fiction.
9 (RLIN) 86944
655 ## - INDEX TERM--GENRE/FORM
Genre/form data or focus term Graphics.
9 (RLIN) 84628
700 ## - ADDED ENTRY--PERSONAL NAME
Personal name Ellen T. Crenshaw.
9 (RLIN) 86945
700 ## - ADDED ENTRY--PERSONAL NAME
Relator code colourist
Personal name Braden Lamb.
9 (RLIN) 84629
942 ## - ADDED ENTRY ELEMENTS (KOHA)
Source of classification or shelving scheme
Koha item type Books/GRAPHICS
Holdings
Withdrawn status Lost status Source of classification or shelving scheme Damaged status Not for loan Collection code Home library Current library Shelving location Date acquired Total Checkouts Full call number Barcode Checked out Date last seen Date checked out Price effective from Koha item type
          SECONDARY Asian Hope Secondary Library Asian Hope Secondary Library SECONDARY 11/24/2025 6 J GRAPHIX MAR BK.18 208616 05/07/2026 04/30/2026 04/30/2026 11/24/2025 Books/GRAPHICS

For any Logos Library related questions please contact Miss Art at swongnarasuk@asianhope.org.

For any Asian Hope Library related questions please contact Miss Raza at graza@asianhope.org.

Powered by Koha